Who Sang These Songs: The Sixties Music Quiz - Statistics

General Stats
  • This quiz has been taken 317 times
    290 since last reset
  • The average score is 15 of 20
Answer Stats
Hint Answer % Correct
Hey Jude, Yesterday, Love Me Do, Eleanor Rigby The Beatles
99%
Gimme Shelter, Paint It Black, Sympathy for the Devil The Rolling Stones
94%
Like a Rolling Stone, Mister Tambourine Man, Knockin' on Heaven's Door Bob Dylan
92%
Good Vibrations, Wouldn't it be Nice, I Get Around The Beach Boys
91%
Purple Haze, All Along the Watchtower, Hey Joe Jimi Hendrix
86%
I Am a Rock, The Sound of Silence, Homeward Bound Simon and Garfunkel
84%
Say a Little Prayer, Think, Chain of Fools, A Natural Woman Aretha Franklin
83%
These Arms of Mine, Try a Little Tenderness, The Dock of the Bay Otis Redding
83%
The House of the Rising Sun, We Gotta Get Out of this Place,Don't Let Me be Misunderstood The Animals
82%
Daydream Believer, I'm a Believer, The Last Train to Clarksville The Monkees
81%
All Day, and All of the Night, You Really Got Me, Where Have All the Good times Gone The Kinks
80%
I'm Free, Pinball Wizard, I Can See for Miles The Who
80%
Light My Fire, People Are Strange, The End, Love Me Two Times The Doors
79%
These Boots Are Made for Walking, Bang Bang, Drummer Man Nancy Sinatra
74%
California Dreamin', Dedicated to the One I Love, Dream a Little Dream The Mammas and the Papas
69%
Somebody to Love, White Rabbit, The Ballad of you and Me and Pooniel Jefferson Airplane
66%
Puff (the Magic Dragon), If I Had a Hammer, Leaving on a Jet Plane Peter, Paul, and Mary
61%
My Girl, Get Ready, Ain't Too Proud to Beg The Temptations
60%
Papa's Got a Brand New Bag, Please Please Please, I Got the Feelin' James Brown
55%
Everyday People, I Want to Take You Higher, Stand Sly and the Family Stone
40%
No matching quizzes found
Score Distribution
Percent of People with Each Score
Percentile by Number Answered
Your Score History
You have not taken this quiz since the last reset